000 00778naa a2200217 i 4500
001 14214
003 ES-MaBCM
005 20241016091831.0
008 910507s1991 fra 000 0 fre d
021 _axx
035 _a(OCoLC)1293716314
040 _cES-MaBCM
041 0 _afre
043 _afra
245 0 3 _aLa fôret en France
520 _aEl bosque en el mundo. Panorama de los bosques franceses. Acceso a los bosques. Regiones boscosas. El lugar del bosque en la ordenación del territorio. Reforestación. Protección. Fiscalidad especial. Administración y gestión. Bibliografía, etc
650 2 7 _aMontaña
_959473
651 4 _aFrancia
_9115364
773 0 _aEn:
_tNotes et études documentaires
_dParis : 1991
_w104473
_gnº 4928, p. 11-142
942 _cAREV
999 _c14214
_d14214